000 00591nam a2200193Ia 4500
003 GCL
008 140319s9999 xx 000 0 ara d
040 _aGCL /
_cGCL
082 0 4 _a330.122
_bع ر
100 1 _aعفيف البزرى
245 1 0 _aالراسمالية بوجهها المالى و الاقتصادى /
_cعفيف البزرى
260 _aالقاهرة :
_bمطبعة كوستاتوماس
300 _a90 ص ؛
_c19 سم
490 _a
650 0 4 _aالاقتصاد
650 0 4 _aالراسمالية
650 0 4 _aالنقود - المالية
942 _2ddc
_cBK
999 _c53378
_d53378